[Event "Madurai Athens of the East op-C 4th"]
[Site "Madurai"]
[Date "2024.12.28"]
[Round "1"]
[White "Duvvala, Suresh"]
[Black "Rithish, Senthil Kumar"]
[Result "1-0"]
[WhiteElo "1793"]
[BlackElo "1479"]
[PlyCount "133"]
[EventDate "2024.12.28"]
[EventType "swiss"]
[EventRounds "9"]
[EventCountry "IND"]
[SourceTitle "CB02_2025"]
[SourceDate "2025.01.08"]
[SourceVersion "1"]
[SourceVersionDate "2025.01.08"]
[SourceQuality "1"]

1. e4 e6 2. Nf3 d5 3. e5 Bd7 4. c3 c5 5. Bd3 Ne7 6. 0-0 Ng6 7. Re1 Bc6 8. Bc2 d4 9. d3 dxc3 10. bxc3 Be7 11. Nbd2 0-0 12. Ne4 Nd7 13. d4 cxd4 14. cxd4 Nb6 15. Nfg5 h6 16. Nf3 Qd7 17. h4 Bxe4 18. Rxe4 f5 19. exf6 Rxf6 20. Rg4 Nf8 21. Ne5 Qc7 22. Be3 Nd5 23. Rc1 Kh8 24. Bg6 Nc3 25. Qd2 Bb4 26. h5 Nd5 27. Qd1 Nxe3 28. fxe3 Qe7 29. Be4 Bd6 30. Ng6+ Nxg6 31. Rxg6 Rxg6 32. Bxg6 Qh4 33. Kf1 Qh1+ 34. Ke2 Qxg2+ 35. Kd3 Qxa2 36. Ra1 Qd5 37. Qa4 Bf8 38. Be4 Qxh5 39. Bxb7 Rd8 40. Be4 Bc5 41. Qa5 Qg5 42. Rg1 Qe7 43. Rg6 Bb6 44. Qe5 Qa3+ 45. Ke2 Qa2+ 46. Kf3 Rf8+ 47. Kg3 Qf2+ 48. Kg4 Qe2+ 49. Kh3 Qxe3+ 50. Rg3 Qxd4 51. Qxe6 Qf6 52. Qg4 Qe7 53. Qg6 Qd7+ 54. Rg4 Rf3+ 55. Bxf3 Kg8 56. Bd5+ Kh8 57. Be4 Kg8 58. Qh7+ Kf8 59. Qh8+ Ke7 60. Qxg7+ Kd8 61. Qxh6 Kc7 62. Qf4+ Kd8 63. Qf8+ Kc7 64. Bf5 Qd1 65. Qc8+ Kd6 66. Qd7+ Ke5 67. Qxd1 1-0

[Event "Madurai Athens of the East op-B 4th"]
[Site "Madurai"]
[Date "2024.12.27"]
[Round "10"]
[White "Rahul, Ramakrishnan"]
[Black "Duvvala, Suresh"]
[Result "1-0"]
[WhiteElo "1919"]
[BlackElo "1793"]
[PlyCount "73"]
[EventDate "2024.12.24"]
[EventType "swiss"]
[EventRounds "10"]
[EventCountry "IND"]
[SourceTitle "CB02_2025"]
[SourceDate "2025.01.08"]
[SourceVersion "1"]
[SourceVersionDate "2025.01.08"]
[SourceQuality "1"]

1. d4 Nf6 2. c4 e6 3. Nc3 Bb4 4. e3 b6 5. Nge2 Bb7 6. a3 Be7 7. d5 0-0 8. Ng3 Re8 9. Be2 b5 10. e4 bxc4 11. 0-0 exd5 12. exd5 a5 13. Bxc4 Na6 14. Nf5 d6 15. Bb5 Bc8 16. Bxe8 Bxf5 17. Bc6 Rb8 18. Qf3 Bg6 19. Be3 Rxb2 20. Bd4 Nc5 21. Rfe1 Nb3 22. Bxf6 Bxf6 23. Rad1 Nd4 24. Qe3 h6 25. Rxd4 Bxd4 26. Qxd4 Kh7 27. h4 f6 28. Nb5 Rc2 29. h5 Bxh5 30. Qe4+ Bg6 31. Qxc2 Bxc2 32. Re8 Qxe8 33. Bxe8 Bb3 34. Nxc7 Kg8 35. Bc6 Kf8 36. Nb5 Ke7 37. Nd4 1-0

[Event "Hyderabad Varas op"]
[Site "Hyderabad"]
[Date "2024.10.16"]
[Round "3"]
[White "Mahindrakar, Indrajeet"]
[Black "Duvvala, Suresh"]
[Result "0-1"]
[WhiteElo "2133"]
[BlackElo "1795"]
[PlyCount "144"]
[EventDate "2024.10.15"]
[EventType "swiss"]
[EventRounds "9"]
[EventCountry "IND"]
[SourceTitle "CB43_2024"]
[Source "Chessbase"]
[SourceDate "2024.10.23"]
[SourceVersion "1"]
[SourceVersionDate "2024.10.23"]
[SourceQuality "1"]

1. d4 d5 2. Nf3 Nf6 3. e3 a6 4. Bd3 c5 5. c3 Nc6 6. Nbd2 Bg4 7. 0-0 e5 8. dxe5 Nxe5 9. Be2 Nc6 10. c4 dxc4 11. Bxc4 Qc7 12. h3 Bh5 13. b3 Rd8 14. Qc2 Bg6 15. e4 Bd6 16. Bb2 b5 17. Be2 0-0 18. a4 Qb6 19. axb5 axb5 20. Rfe1 Rfe8 21. Bf1 Bf8 22. Bxf6 gxf6 23. Qc3 Nd4 24. Nh4 Bh6 25. Rad1 Qe6 26. Nxg6 hxg6 27. b4 cxb4 28. Qb2 Qe5 29. Kh1 Bf8 30. Nb3 Nxb3 31. Qxb3 Rxd1 32. Rxd1 Bd6 33. g3 Qxe4+ 34. Bg2 Qe5 35. Kh2 Bf8 36. Rd7 Re7 37. Rd5 Qc3 38. Qd1 Re1 39. Qd3 Qxd3 40. Rxd3 Re2 41. f4 f5 42. h4 Rc2 43. Kh3 Rc3 44. Bf1 Bc5 45. Be2 Kf8 46. Kg2 Ra3 47. Rd5 Ra2 48. Kf3 Rc2 49. Rd3 Ke7 50. Rd1 b3 51. Re1 Kf6 52. Rf1 b2 53. Bd3 Rd2 54. Bb1 b4 55. g4 fxg4+ 56. Kxg4 b3 57. f5 Kg7 58. fxg6 fxg6 59. Kg3 Rc2 60. Kf3 Be7 61. h5 gxh5 62. Rg1+ Kh6 63. Rg2 Rxg2 64. Kxg2 Kg5 65. Kf3 h4 66. Bh7 Bd6 67. Kg2 Kf4 68. Kh3 Ke3 69. Kxh4 Kd2 70. Kg4 Kc1 71. Kf3 b1Q 72. Bxb1 Kxb1 0-1